The Properties of Gases and Liquids /

Contenido: Valoración de las propiedades físicas; Constantes de componentes puros; Características termodinámicas de los gases ideales; Relaciones entre la presión, volumen y temperatura de los gases y los líquidos puros; Relaciones entre la presión, volumen y temperatura de de mezclas; Característi...

Descripción completa

Guardado en:
Detalles Bibliográficos
Autor principal: Poling, Bruce E. (autor)
Otros autores: Prausnitz, John M. (autor) (autor), O'Connell, John P. (autor) (autor)
Formato: Libro
Idioma:Inglés
Publicado: Nueva York, EUA : McGraw-Hill, 2001, c2001
Edición:5a edición
Temas:
Etiquetas: Agrega una etiqueta
Sin etiquetas, Sé el primero en etiquetar este registro!

MARC

LEADER 00000nam^a2200000^a^4500
001 000146999
005 20250521000000.0
009 20260310095933.199
020 |a 0-07-011682-2 
037 |a Acervo ITESO - Biblioteca 
041 |a ING 
082 |a 660. 042  |b PRO 
100 |a Poling, Bruce E.  |e (autor) 
240 1 5 |a [The Properties of Gases and Liquids] 
245 1 4 |a The Properties of Gases and Liquids /  |c B.E. Poling, J.M. Prausnitz, J.P. O'Connell. 
250 |a 5a edición 
264 4 |a Nueva York, EUA :  |b McGraw-Hill,  |c 2001, c2001 
300 |a 1 v. (varias paginaciones) 
336 |a texto  |b txt  |2 rdacontenido 
337 |a sin mediación  |b n  |2 rdamedio 
338 |a volumen  |b nc  |2 rdasoporte 
520 |a Contenido: Valoración de las propiedades físicas; Constantes de componentes puros; Características termodinámicas de los gases ideales; Relaciones entre la presión, volumen y temperatura de los gases y los líquidos puros; Relaciones entre la presión, volumen y temperatura de de mezclas; Características termodinámicas de componentes y mezclas puros; Presiones de vapor y entalpía de vapor de líquidos puros; Equilibrios de fase de fluidos en sistemas de varios componentes; Viscosidad; Conductividad Térmica; Coeficientes de difusión; Tensión de superficie. 
649 |a XX 
650 |a Gases 
650 |a Líquidos 
650 |a Difusión (Materia) 
650 |a Dispersión (Física) 
650 |a Viscosidad 
650 |a Vapor 
650 |a Presión 
650 |a Temperatura 
650 |a Volumen 
650 |a Conducción Térmica 
650 |a Equilibrio de Fases 
650 |a Tensión Superficial 
650 |a Propiedades Termodinámicas 
650 |a Fenómenos Superficiales 
650 |a Transferencia de Calor 
650 |a Transferencia de Masa 
650 |a Fenómenos de Transporte 
650 |a Termodinámica 
650 |a Ingeniería Química 
700 |a Prausnitz, John M.  |e (autor) 
700 |a O'Connell, John P.  |e (autor) 
910 |a Fondo General 
920 |a Impresos - Libros 
930 |a Colección General 
905 |a 101 
901 |a 0500076704  |b IT1  |c ACC  |u 20250521 
902 |a https://opac.biblio.iteso.mx/vufind/Record/000146999